| 000 | 01354 a2200277 4500 | ||
|---|---|---|---|
| 005 | 2008111702162.0 | ||
| 008 | 081117t xxu||||| |||| 00| 0 eng d | ||
| 010 | _aB-307386 | ||
| 020 | _c175.00 | ||
| 035 | _aB-307386 | ||
| 037 | _bवाणी प्रका. | ||
| 040 |
_adpl _bhn |
||
| 082 | _aउ | ||
| 100 | _aकमलेश्वर | ||
| 245 |
_aअनबीता व्यतीत / _cकमलेश्वर |
||
| 260 |
_aइलाहाबाद _bलोकभारती _c2008 |
||
| 260 |
_aदिल्ली _bवाणी प्रकाशन (वितरक) |
||
| 270 |
_a15-ए, महात्मा गाँधी मार्ग _bइलाहाबाद _e1 |
||
| 270 |
_a21-ए, दरियागंज _bदिल्ली |
||
| 300 |
_a147पृ _c22 सेमी (सजिल्द) |
||
| 650 | _aहिन्दी उपन्यास | ||
| 650 | _aHindi Novel | ||
| 942 |
_kउ / कमले _adpl _cHN _2ddc _hउ _mकमले |
||
| 999 |
_c12987 _d12987 |
||